Sigma: el mundo de las matemáticas

Saved in:
Bibliografiske detaljer
Hovedforfatter: Newman, James R. (autor)
Format: Bog
Sprog:spansk
Udgivet: Barcelona Grijalbo 1968
Fag:
Tags: Tilføj Tag
Ingen Tags, Vær først til at tagge denne postø!

MARC

LEADER 00000nam a2200000 a 4500
001 UCT4917
003 CL-VaPUC
005 20230718074427.0
008 961127e19680000SP |||||||||||||||||spa|d
999 |c 254000  |d 253998 
040 |c Pontificia Universidad Católica de Valparaíso 
082 0 4 |a 510  |b NEW  |2 21 
100 |a Newman, James R.  |e autor  |9 302190 
245 1 0 |a Sigma: el mundo de las matemáticas 
260 |a Barcelona  |b Grijalbo  |c 1968 
300 |a 6 v 
500 |a Contiene una selección de textos matemáticos de todos los tiempos 
583 |a last modification  |c 19961127 00:00:00  |k Rodrigo Vera 
600 0 7 |a ARQUIMEDES  |2 CL-VaPUC  |9 348770 
600 0 |a Kepler, Johannes  |d 1571-1630  |9 358157 
600 0 7 |a GAUSS, JOHANN FRIEDRICH  |2 CL-VaPUC  |9 374163 
600 0 7 |a RUSSELL, BERTRAND  |2 CL-VaPUC  |9 323650 
600 0 7 |a Laplace, Pierre-Simón de  |d 1749-1827  |9 859867 
650 0 |a Matemática  |9 260235 
650 0 |a Historia  |9 255047 
650 7 |a MATEMATICOS  |2 CL-VaPUC  |9 266065 
650 0 |a Científicos   |9 262025 
852 |a BIBCUR 
942 |c BK  |2 ddc 
945 |d 19961127 00:00:00  |a paguirre 
952 |0 0  |1 0  |4 0  |6 510_000000000000000_NEW_1968  |7 0  |8 X  |9 275281  |a BIBMAT  |b BIBMAT  |d 2019-11-19  |h v.1  |i 2681552  |l 1  |m 1  |o 510 NEW 1968  |p 2681552  |q 2025-07-18  |r 2025-04-09  |s 2025-04-09  |w 2019-11-19  |y BK_X  |k MAT 
952 |0 0  |1 0  |4 0  |6 510_000000000000000_NEW_1968  |7 0  |8 X  |9 275282  |a BIBMAT  |b BIBMAT  |d 2019-11-19  |h v.2  |i 2681560  |o 510 NEW 1968  |p 2681560  |r 2025-01-07  |w 2019-11-19  |y BK_X  |k MAT 
952 |0 0  |1 0  |4 0  |6 510_000000000000000_NEW_1968  |7 0  |8 X  |9 275283  |a BIBMAT  |b BIBMAT  |d 2019-11-19  |h v.3  |i 2681579  |o 510 NEW 1968  |p 2681579  |r 2025-01-07  |w 2019-11-19  |y BK_X  |k MAT 
952 |0 0  |1 0  |4 0  |6 510_000000000000000_NEW_1968  |7 0  |8 X  |9 275284  |a BIBMAT  |b BIBMAT  |d 2019-11-19  |h v.4  |i 2681587  |o 510 NEW 1968  |p 2681587  |r 2025-01-07  |w 2019-11-19  |y BK_X  |k MAT 
952 |0 0  |1 0  |4 0  |6 510_000000000000000_NEW_1968  |7 0  |8 X  |9 275285  |a BIBMAT  |b BIBMAT  |d 2019-11-19  |h v.5  |i 2681595  |o 510 NEW 1968  |p 2681595  |r 2025-01-07  |w 2019-11-19  |y BK_X  |k MAT